Normal view
MARC view
- التاريخ الاسلامي- الصحابة والتابعون
Entry Topical Term
001 - CONTROL NUMBER
- control field: 56596
003 - CONTROL NUMBER IDENTIFIER
- control field: JO-AjAnu
005 - DATE AND TIME OF LATEST TRANSACTION
- control field: 20230606083256.0
008 - FIXED-LENGTH DATA ELEMENTS
- fixed length control field: 230606|| aca||aabn | a|a d
040 ## - CATALOGING SOURCE
- Original cataloging agency: JO-AjAnu
- Transcribing agency: JO-AjAnu
150 ## - HEADING--TOPICAL TERM
- Topical term or geographic name entry element: التاريخ الاسلامي- الصحابة والتابعون
670 ## - SOURCE DATA FOUND
- Source citation: Work cat.: (JO-AjAnu)28878: المالكي، أبي بكر بن العربي ؛ تحقيق وتعليق محب الدين الخطيب ؛ اخراج احاديث وتعليق محمود مهدي الاستانبولي, author 56595, العواصم من القواصم في تحقيق مواقف الصحابة بعد وفاة النبي صلى الله عليه وسلم